02184nam a2200241 a 450000100060000000300090000600800410001502000150005604000280007108200170009910000800011624500750019625000060027126000300027730000110030749000310031850512420034965000170159194200120160899900170162095201520163795201530178915223CO-ViMGA141112s2004 ck r 000 u spa d a9589400159 aCO-ViMGAbspacCO-ViMGA04a618.92 C677g1 aCorrea V., Jose Alberto; Gomez R., Juan Fernando; Posada S., Ricardo92209810aFundamentos de Pediatría : bGeneralidades y neonatología - Tomo I a2 aMedellín, cCib, c1999 a610.p. aFundamentos de pediatría aSituación en salud del niño Colombiano y latinoAméricano Historia de la pediatría y puericultura Crecimiento y desarrollo Medicina del adolescente Historia clinica pediatrica El niño hospitalizado Requerimientos nutricionales del preescolar y escolar Soporte nutricional enteral y parenteral Lactancia materna Alimentación con formulas lacteas Alimentación complementaria Inapetencia Desnutrición Deficiencias vitaminicas Vacunación Desarrollo psicológico del niño y del adolescente Evaluación psicológica en pediatría Trastornos del sueño Trastornos de la atención Enuresis Enfermedad diarreica aguda Deshidratación y trastornos hidroelectrolíticos Regurgitación y vómito Recien nacido normal Nutriciónen recien nacido, pretermino Programa madre canguro Consulta pediatrica prenatal Reanimación del recien nacido Trauma perinatal Hipoxia neonatal Infeccion perinatal Sepsis neonatal Alteración del metabolismo de los carbohidratos en el recien nacido Dermatología neonatal Embarazo gemelar - gemelos Retardo del crecimiento intrauterino Alteraciones metabolicas del recien nacido Enfermedades hematologicas del recien nacido Enfermedades respiratorias del recien nacido Ictericia neonatal14aNEONATOLOGIA 2ddccBK c25589d25589 00102ddc40708002aMEVIECARbMEVIECARd2015-12-04hVolumen. 1 | 11/jun/2009l0o618.92 C677g p15223r2017-08-28 00:00:00tEj. 1w2015-12-04yBK 00102ddc40708002aMEVIECARbMEVIECARd2015-12-04hVolumen. 1 | 11/jun/2009l0o618.92 C677g p015224r2017-04-10 00:00:00tEj. 1w2015-12-04yBK